Top 87 arabische Vornamen - Statistiken

Allgemein
  • Dieses Quiz wurde 20 mal gespielt
  • Das Durchschnittsergebnis liegt bei 13 aus 87
Antwortstatistiken
📍 Vorname % Korrekt
A.d .l | A.d.l ♂️ Abd al | Abdul
79%
A.i ♂️ Ali
63%
A.m.d ♂️ Ahmad
53%
M.h.m..d ♂️ Muhammad
53%
Um.r | Om.r ♂️ Umar | Omar
53%
Y.s.f ♂️ Yusuf | Yusif
47%
A.a' .d-D.n | Al.d.n ♂️ Ala' ad-Din | Aladin
42%
Am.l ♂️♀️ Amal
42%
F.t..a | F.t..e | F.t.a ♀️ Fatima | Fatime | Fatma
42%
A.a.l ♂️ Amaal
37%
Am.n ♂️ Amin
37%
H.s..n ♂️ Hassan
37%
K.r.m ♂️ Karim
37%
H.s.e.n ♂️ Hussein
32%
Im.n ♂️♀️ Iman
32%
T.r.k | T.r.q ♂️ Tarek | Tareq | Tarık | Tariq | Tarik
32%
Y.s.n ♂️ Yasin
32%
At.f ♂️ Atif
26%
D.c..m.l | J.m.l ♂️ Dschamal | Jamal
26%
H.s.n ♂️ Hasan
26%
Ad.l ♂️ Adil
21%
Ch.l.l | Kh.l.l | H.l.l ♂️ Chalil | Khalil | Halil
21%
Y.s.r ♂️ Yasir
21%
A.i.a ♀️ Amina
16%
Ch.l.d | Kh.l.d ♂️ Chalid | Khalid
16%
Fa.s.l ♂️ Faisal
16%
Sa.d ♂️ Said
16%
S.l..u .d-D.n | S.l.h..d..n | S.l.d.n ♂️ Salahu ad-Din | Salahuldien | Saladin
16%
Y.z.n ♂️ Yazan
16%
A.s..a ♀️ A'ischa
11%
Di.r | D.y.r ♂️♀️ Diar | Diyar
11%
D.c..m..a | J.m..a ♀️ Dschamīla | Jamila
11%
Ib..h.m ♂️ Ibrahim
11%
K.r..a ♀️ Karima
11%
M.n.l ♀️ Manal
11%
M.s.a.a | Mu.t.p.a | Mo.s.a.a ♂️ Mustafa | Mustapha | Moustafa
11%
N.h.d ♂️♀️ Nihad
11%
N.z.r ♂️ Nizar
11%
N.r .d-D.n | N.r.d..n ♂️ Nur ad-Din | Nureddin
11%
Ra.i ♂️ Rami
11%
T.m.r ♂️ Tamer
11%
U.l.d | W.l.d ♂️ Ualid | Walid
11%
Y.h.a ♂️ Yahya
11%
Al.a ♀️ Alya
5%
A.a.a ♀️ Amana
5%
B.h.a ♂️ Bahaa
5%
B.h.a.l D.n ♂️ Bahaaul Din
5%
B.s.a ♀️ Basma
5%
Ch.l..a | Kh.l..a ♀️ Chalida | Khalida
5%
D.c..f.r | J.f.r ♂️ Dschafar | Jafar
5%
Ds.h.h.d | J.h.d ♂️♀️ Dschihad | Jihad
5%
Fa.i ♂️ Fadi
5%
F.d.a ♀️ Fadia
5%
Fi.a ♂️♀️ Fida
5%
Hi.a ♀️ Hiba
5%
J.l.l | Ds.h.l.l ♂️ Jalal | Dschalal
5%
M.r.m ♀️♂️ Maram
5%
N.b.l ♂️ Nabil
5%
N.b..a ♀️ Nabila
5%
N.s.r.d..n | Na.r.d..n ♂️ Nasiruddin | Nasreddin
5%
N.w.l | N.u.l ♀️ Nawal | Naual
5%
Ra.i ♂️ Radi
5%
Ri.a ♂️♀️ Rida
5%
S.b.r ♂️ Saber
5%
S.l.h ♂️ Salih
5%
S.h.k..a | Sh.k..a ♀️ Schakira | Shakira
5%
T.r..a ♀️ Tareqa | Tarika | Tareka
5%
Ut.m.n | Ot.m.n | O.m.n ♂️ Uthman | Othman | Osman
5%
Y.n.l ♂️ Yanal
5%
A.s..r ♂️ Ayssar
0%
B.s.i a ♀️ Bassima
0%
F.d.a ♀️ Fadwa | Fadua
0%
G.a.a | Ra.a ♀️ Ghada | Rada
0%
H.s..m ♂️ Hisham
0%
H.s.m ♂️ Husam
0%
I.s..n ♂️ Ihssan
0%
J.m..a ♀️ Jamama
0%
K.f.h ♂️♀️ Kifah
0%
L.l.a ♀️ Lulua
0%
N.h.d ♂️♀️ Nahed
0%
Ri.w.n | R.d..n ♂️ Ridwan | Riduan
0%
Sa.m.n ♂️ Salman
0%
S.h.a.b ♂️ Schuʿaib
0%
S.h.m ♀️ Siham
0%
S.h..l ♂️ Suheil
0%
S.h..r ♀️ Suheir
0%
Wa.d | Ua.d ♂️♀️ Ward | Uard
0%
Keine übereinstimmenden Quizze gefunden
Verteilung der Resultate
Anzahl Personen mit jedem Resultat
Perzentil nach korrekt beantworteten Fragen
Ihre Resultats-Entwicklung
Sie haben dieses Quiz noch nicht gespielt